Championnat du Monde Handball 2025 - Equipes qualifiées (Mort subite) - Statistiques

Statistiques générales
  • Ce quiz a été pris 666 fois
  • Le résultat moyen est 11 sur 32
Answers on the Grid
Answers color-coded by a green-red scale on the quiz's grid according to % correct below.
Algérie
Allemagne
Angola
Arabie Saoudite
Argentine
Australie
Autriche
Bahreïn
Belgique
Brésil
Cameroun
Cap-Vert
Chili
Chine
Colombie
Corée du Sud
Croatie
Cuba
Danemark
Egypte
Espagne
Etats-Unis
Finlande
France
Grèce
Guinée
Hongrie
Inde
Islande
Italie
Japon
Koweït
Macédoine du Nord
Mexique
Monténégro
Nigeria
Norvège
Pays-Bas
Pologne
Portugal
Qatar
République Tchèque
Roumanie
Serbie
Slovaquie
Slovénie
Suède
Suisse
Tunisie
Ukraine
 
Statistiques - réponses
Réponse % Correct
France
59%
Danemark
58%
Espagne
53%
Allemagne
52%
Brésil
48%
Norvège
48%
Portugal
44%
Croatie
43%
Egypte
43%
Suède
41%
Pays-Bas
40%
Qatar
39%
Hongrie
36%
Islande
33%
Italie
33%
Pologne
32%
Slovénie
32%
Argentine
31%
Autriche
31%
Suisse
30%
Japon
28%
Algérie
27%
Etats-Unis
26%
Koweït
26%
Tunisie
26%
République Tchèque
22%
Macédoine du Nord
21%
Cap-Vert
19%
Bahreïn
18%
Guinée
15%
Chili
14%
Cuba
13%
Aucun quiz correspondant
Distribution des résultats
% des personnes avec chaque résultat
Percentile par nombre de réponses
Votre historique - résultats
Vous n’avez pas pris ce quiz